MARC

LEADER 00000nam0a2200000 4500
001 332065
005 20231102004423.0
035 |a (RuTPU)RU\TPU\book\357964 
035 |a RU\TPU\book\357960 
090 |a 332065 
100 |a 20170516d1978 k y0rusy50 ca 
101 0 |a rus 
102 |a RU 
105 |a a z 001zy 
200 1 |a Охрана и безопасность труда в геологоразведочном производстве  |e сборник научных трудов  |f Всесоюзный научно-исследовательский институт методики и техники разведки (ВИТР) ; науч. ред. А. И. Бочаров 
210 |a Ленинград  |c Изд-во ВИТР  |d 1978 
215 |a 70, 2 с.  |c ил. 
225 1 |a Методика и техника разведки  |v № 119 
320 |a Библиогр. в конце работ 
606 1 |a Геологоразведочные работы  |x Техника безопасности  |2 stltpush  |3 (RuTPU)RU\TPU\subj\6148  |9 34104 
610 1 |a охрана труда 
610 1 |a производственный травматизм 
610 1 |a обучение 
610 1 |a буровые установки 
610 1 |a шум 
610 1 |a вибрационные характеристики 
610 1 |a электробезопасность 
610 1 |a буровые станки 
610 1 |a социально-психологические характеристики 
610 1 |a оздоровительные мероприятия 
675 |a 550.8.02:658.382  |v 4 
702 1 |a Бочаров  |b А. И.  |4 340 
712 0 2 |a Всесоюзный научно-исследовательский институт методики и техники разведки (ВИТР)  |2 stltpush  |3 (RuTPU)RU\TPU\col\6027 
801 1 |a RU  |b 63413507  |c 20170515 
801 2 |a RU  |b 63413507  |c 20170621  |g RCR 
942 |c BK